000 00562nam a2200229Ia 4500
003 OSt
005 20220924151747.0
006 a|||||r|||| 00| 0
007 ta
008 220923b |||||||| |||| 00| 0 tel d
024 _a339082
037 _cTextual
040 _aARTS
_cARTS
_btel
041 _2tel
_atel
082 _aV677.N5, 35H9.1
100 _aRao Kaleswara Au.
_9224906
245 0 _aEgypt
260 _c1949
650 _aHISTORY
942 _hV677.N5, 35H9.1
_cTEXL
_2CC
999 _c467625
_d467625